000 00333nam a22001577a 4500
003 SGT
020 _a817 371 415 6
082 _a658.8
_bM03P
100 _aPATI,DEBASHIS
245 _aMARKETING RESEARCH
250 _a1ST
260 _aHYDERABAD
_bUNIVERSITY PRESS
_c2003
300 _a682
650 _aPHARMACY
942 _2ddc
_cBK
999 _c11196
_d11196